| 000 | 01683nam a2200433 i 4500 | ||
|---|---|---|---|
| 001 | KOSZ 005 | ||
| 003 | KOSZ 005 | ||
| 005 | 20211021081932.0 | ||
| 008 | 950505s1967 pl a f |000 0 pol d | ||
| 040 |
_cKOSZ 005 _aKOSZ 005 _dKOSZ 005/HR |
||
| 041 |
_apol _brus _beng _bfre |
||
| 046 | _k1967 | ||
| 080 | _a556(438) | ||
| 245 | 0 | 0 |
_aPrace i Studia Komitetu Inżynierii i Gospodarki Wodnej. _n[T.] 8 / _cKomitet Inżynierii i Gospodarki Wodnej Polskiej Akademii Nauk ; red. Kazimierz Matul, Jerzy Weirauch. |
| 260 |
_aWarszawa : _bPaństwowe Wydawnictwo Naukowe, _c1967. |
||
| 300 |
_a548,[4] strony, errata : _bil. ; _c23 cm. |
||
| 336 |
_2rdacontent _aTekst _btxt |
||
| 337 |
_2rdamedia _aBez urządzenia pośredniczącego _bn |
||
| 338 |
_2rdacarrier _aWolumin _bnc |
||
| 380 | _aKsiążki | ||
| 380 | _aPublikacje naukowe | ||
| 388 | _a1901-2000 | ||
| 388 | _a1945-1989 | ||
| 546 | _aSpis treści, streszczenia przy pracach w języku rosyjskim, angielskim i francuskim. | ||
| 650 | 4 | _aHydrologia | |
| 650 | 4 | _aRetencja (hydrologia) | |
| 658 | _aGeografia i nauki o Ziemi | ||
| 651 | 4 | _aPolska | |
| 650 | 4 | _aZaopatrzenie w wodę | |
| 650 | 4 | _aOpady | |
| 650 | 4 | _aZlewnie i dorzecza | |
| 650 | 4 | _aBilans wodny | |
| 700 | 1 |
_aMatul, Kazimierz. _eRedakcja. |
|
| 700 | 1 |
_aWeirauch, Jerzy _eRedakcja. |
|
| 710 | 2 |
_aPolska Akademia Nauk. _bKomitet Inżynierii i Gospodarki Wodnej. |
|
| 710 | 2 |
_aPaństwowe Wydawnictwo Naukowe _4pbl. |
|
| 856 |
_uhttp://koha.tu.koszalin.pl/cgi-bin/koha/opac-detail.pl?biblionumber=12211 _yKatalog online BPK |
||
| 942 |
_cKS _2UKD |
||
| 999 |
_c12211 _d12211 |
||